A new look at geometry /

Guardado en:
Autor Principal: Adler, Irving
Otros Autores: Adler, Ruth
Formato: Libro
Publicado: Nueva York : John Day, 1966
Edición:2a. ed.
Materias:
Etiquetas: Agregar Etiqueta
Sin Etiquetas, Sea el primero en etiquetar este registro!
LEADER 00816nam a22002055a 4500
001 CEM.cems000322
005 20061018155612.0
008 130507s1966##################000#0#####d
003 CEMS
082 0 4 |a 513 
100 1 |a Adler, Irving 
245 1 0 |a A new look at geometry /  |c Irving Adler ; diagramas de Ruth Adler 
250 |a 2a. ed. 
260 |a Nueva York :  |b John Day,  |c 1966 
300 |a 414 p. 
505 0 |a One book and three metaphors -- Geometry before euclid -- Euclid´s geometry -- Geometry via numbers -- Geometry via arrows -- Geometry in newtonian physics -- The calculus and geometry -- Geometry in relativity physics -- Geometry generalized -- Geometry and algebra 
653 |a Geometría 
653 |a Matemática 
700 1 |a Adler, Ruth 
859 |a CEMS  |b BIB. CEMS - 11 de abril  |h 513  |i Ad59  |p 12051.83  |t Ej.1